000
00198 a2200097 4500
041
_a
spa
100
_a
Rodriguez, Nuria
245
_a
Seò¨r nimbo y la maquina de nubes
942
_c
BK
952
_7
1
999
_c
20483
_d
20483